00410nam a2200157Ia 4500003000400000008004100004040001600045082001300061100001900074245004500093260004200138300001000180490002500190650001500215650002200230GCL140319s9999 xx 000 0 eng d aGCL / cGCL04a843bL Q1 aLIGHTMAN, ALAN10aQUAND EINSTEIR REVAIT / cLIGHTMAN, ALAN a[S.N] : bLE LIVRE DE POCHE ، c1993 a116 P aLE LIVRE DE POCHEv004aLITERATURE04aFRENCH LITERATURE